Census-designated places of Los Angeles County, CA - Statistics

General Stats
  • This quiz has been taken 14 times
  • The average score is 16 of 54
Answer Stats
Hint Answer % Correct
eastlosangeles East Los Angeles
100%
haciendaheights Hacienda Heights
80%
florencegraham Florence-Graham
60%
rowlandheights Rowland Heights
60%
acton Acton
40%
aguadulce Agua Dulce
40%
altadena Altadena
40%
castaic Castaic
40%
desertviewhighlands Desert View Highlands
40%
eastpasadena East Pasadena
40%
elizabethlake Elizabeth Lake
40%
greenvalley Green Valley
40%
lacrescentamontrose La Crescenta-Montrose
40%
lakehughes Lake Hughes
40%
lakelosangeles Lake Los Angeles
40%
lennox Lennox
40%
leonavalley Leona Valley
40%
littlerock Littlerock
40%
quartzhill Quartz Hill
40%
southwhittier South Whittier
40%
stevensonranch Stevenson Ranch
40%
sunvillage Sun Village
40%
topanga Topanga
40%
valverde Val Verde
40%
westwhittierlosnietos West Whittier-Los Nietos
40%
avocadoheights Avocado Heights
20%
charteroak Charter Oak
20%
delaire Del Aire
20%
citrus Citrus
20%
eastranchodominguez East Rancho Dominguez
20%
eastsangabriel East San Gabriel
20%
eastwhittier East Whittier
20%
hasleycanyon Hasley Canyon
20%
marinadelrey Marina del Rey
20%
mayflowervillage Mayflower Village
20%
northelmonte North El Monte
20%
rosehills Rose Hills
20%
southmonroviaisland South Monrovia Island
20%
southsangabriel South San Gabriel
20%
southsanjosehills South San Jose Hills
20%
valinda Valinda
20%
viewparkwindsorhills View Park-Windsor Hills
20%
vincent Vincent
20%
walnutpark Walnut Park
20%
westcarson West Carson
20%
westmont Westmont
20%
westpuentevalley West Puente Valley
20%
westranchodominguez West Rancho Dominguez
20%
willowbrook Willowbrook
20%
alondrapark Alondra Park
0%
laderaheights Ladera Heights
0%
pepperdineuniversity Pepperdine University
0%
sanpasqual San Pasqual
0%
westathens West Athens
0%
No matching quizzes found
Score Distribution
Percent of People with Each Score
Percentile by Number Answered
Your Score History
You have not taken this quiz